000 00373nam a2200133Ia 4500
008 220217s9999||||xx |||||||||||||| ||und||
020 _a81-203-2317-3
082 _a004.165 SHO
100 _aMathivanan, N
245 0 _aMicroprocessors, pc hardware and interfacing
260 _aPrentice-hall of india
_bNew Delhi
_c2003
300 _b295
650 _aMICROPROCESSOR
999 _c171456
_d171456